|
|
|
|
| LEADER |
01126nam a2200241 a 4500 |
| 001 |
11867132 |
| 008 |
101108s2000 caua b 001 0 eng |
| 010 |
|
|
|a 99087360
|
| 020 |
|
|
|a 0262590212 (pbk. : alk. paper)
|
| 040 |
|
|
|a DLC
|c DLC
|d DLC
|d BD-DhAAL
|
| 082 |
0 |
0 |
|a 006.3/5
|2 21
|
| 245 |
1 |
0 |
|a Natural language processing and knowledge representation :
|b language for knowledge and knowledge for language /
|c edited by Lucja M. Iwanska and Stuart C. Shapiro.
|
| 260 |
|
|
|a Menlo Park, Calif. :
|b AAAI Press ;
|a Cambridge, Mass. :
|b MIT Press,
|c c2000.
|
| 300 |
|
|
|a xviii, 459 p. :
|b ill. ;
|c 23 cm.
|
| 504 |
|
|
|a Includes bibliographical references (p. [415]-439]) and index.
|
| 541 |
1 |
|
|e 00010233
|
| 650 |
|
0 |
|a Natural language processing (Computer science)
|
| 650 |
|
0 |
|a Knowledge representation (Information theory)
|
| 700 |
1 |
|
|a Iwanska, Lucja M.,
|d 1958-
|
| 700 |
1 |
|
|a Shapiro, Stuart Charles.
|
| 852 |
4 |
|
|a Ayesha Abed library
|j General Shelf.
|
| 999 |
|
|
|c 10075
|d 10075
|
| 952 |
|
|
|0 0
|1 0
|2 ddc
|4 0
|6 006_350000000000000_NAT
|7 0
|9 13257
|a BRACUL
|b BRACUL
|c GEN
|d 2010-11-15
|l 2
|m 17
|o 006.35 NAT
|p 3010010233
|r 2022-03-28
|s 2022-03-28
|t 1
|w 2010-11-15
|y BK
|